<?xml version="1.0" encoding="UTF-8"?>
<record
    xmlns:xsi="http://www.w3.org/2001/XMLSchema-instance"
    xsi:schemaLocation="http://www.loc.gov/MARC21/slim http://www.loc.gov/standards/marcxml/schema/MARC21slim.xsd"
    xmlns="http://www.loc.gov/MARC21/slim">

  <leader>01001cam a22002771  4500</leader>
  <controlfield tag="001">sa 68015307 </controlfield>
  <controlfield tag="003">DLC</controlfield>
  <controlfield tag="005">20260227112642.0</controlfield>
  <controlfield tag="008">900709m19581963ii            000 0 perr </controlfield>
  <datafield tag="010" ind1=" " ind2=" ">
    <subfield code="a">sa 68015307 </subfield>
  </datafield>
  <datafield tag="025" ind1=" " ind2=" ">
    <subfield code="a">PL480:I-P-52</subfield>
  </datafield>
  <datafield tag="035" ind1=" " ind2=" ">
    <subfield code="a">(OCoLC)21982342</subfield>
  </datafield>
  <datafield tag="040" ind1=" " ind2=" ">
    <subfield code="a">DLC</subfield>
    <subfield code="c">WaU</subfield>
    <subfield code="d">WaU</subfield>
    <subfield code="d">DLC</subfield>
  </datafield>
  <datafield tag="042" ind1=" " ind2=" ">
    <subfield code="a">premarc</subfield>
  </datafield>
  <datafield tag="050" ind1="0" ind2="0">
    <subfield code="a">PK6436</subfield>
    <subfield code="b">.R3</subfield>
  </datafield>
  <datafield tag="100" ind1="0" ind2=" ">
    <subfield code="a">Mun&#x12B;burra&#x1E25;m&#x101;n,</subfield>
    <subfield code="d">1924-</subfield>
  </datafield>
  <datafield tag="245" ind1="1" ind2="0">
    <subfield code="a">Barguz&#x12B;dah-&#x2BC;i shi&#x2BB;r-i F&#x101;rs&#x12B;-i mu&#x2BB;&#x101;&#x1E63;ir.</subfield>
    <subfield code="c">Mu&#x2BC;allif: Mun&#x12B;b al-Rahm&#x101;n.</subfield>
  </datafield>
  <datafield tag="250" ind1=" " ind2=" ">
    <subfield code="a">[Ch&#x101;p-i 1]</subfield>
  </datafield>
  <datafield tag="260" ind1=" " ind2=" ">
    <subfield code="a">&#x2BB;Al&#x12B;garh,</subfield>
    <subfield code="b">Id&#x101;rah-&#x2BC;i &#x2BB;Ul&#x16B;m-i Isl&#x101;m&#x12B;yah, D&#x101;nishg&#x101;h-i Isl&#x101;m&#x12B;</subfield>
    <subfield code="c">[1958-63]</subfield>
  </datafield>
  <datafield tag="300" ind1=" " ind2=" ">
    <subfield code="a">2 v.</subfield>
    <subfield code="c">25 cm.</subfield>
  </datafield>
  <datafield tag="490" ind1="1" ind2=" ">
    <subfield code="a">Silsilah-i Intish&#x101;r&#x101;t-i Id&#x101;rah-&#x2BC;i &#x2BB;Ulum-i Isl&#x101;m&#x12B;yah,</subfield>
    <subfield code="v">shum&#x101;rah-&#x2BC;i 5-6</subfield>
  </datafield>
  <datafield tag="500" ind1=" " ind2=" ">
    <subfield code="a">Added t.p.: An anthology of modern Persian poetry, compiled by Munibur Rahman.</subfield>
  </datafield>
  <datafield tag="500" ind1=" " ind2=" ">
    <subfield code="a">Prefaces in English.</subfield>
  </datafield>
  <datafield tag="650" ind1=" " ind2="0">
    <subfield code="a">Persian poetry.</subfield>
  </datafield>
  <datafield tag="810" ind1="2" ind2=" ">
    <subfield code="a">Aligarh Muslim University.</subfield>
    <subfield code="b">Institute of Islamic Studies.</subfield>
    <subfield code="t">Publication ;</subfield>
    <subfield code="v">5-6.</subfield>
  </datafield>
  <datafield tag="999" ind1=" " ind2=" ">
    <subfield code="c">86378</subfield>
    <subfield code="d">86378</subfield>
  </datafield>
</record>
